• 首页
  • 本馆介绍
  • 公告通知
  • 最新文献
  • 馆藏检索
  • 电子资源
  • 读者导购
  • 参考咨询
  • 我的图书馆
  • 登录
  • 详细信息显示
  • 放入我的书架
  • 预约/预借图书
  • 作者相关作品
  • 分类相关作品
  • 丛书相关作品
  • 出版社相关作品

书目信息

  • 表格格式
  • 工作单格式
  • 卡片格式
题名:
中国树木志
    
 
作者: 郑万钧 主编 ;中国树木志编辑委员会 编
分册: 第二卷  
出版信息: 北京   中国林业出版社  1985.12
页数: 931-2398,103页
开本: 26cm
丛书名:
单 册:
中图分类: S717.2
科图分类:
主题词: 植物志-树木--中国 , 树木-植物志--中国
电子资源:
ISBN:
000 00747nam0 2200229 45
001 0198017604
005 20061123171527.73
010    @b精装@dCNY108.00
100    @a19980326d1985 kemy0chiy0121 ea
101 0  @achi
102    @aCN@b110000
105    @af z 001yy
200 10 @a中国树木志@Azhong guo shu mu zhi@h第二卷@f郑万钧主编@Fzheng wan jun zhu bian@g中国树木志编辑委员会编
210    @a北京@c中国林业出版社@d1985.12@h1998.07
215    @a931-2398,103页@c图@d26cm
606    @a植物志-树木@y中国
606    @a树木-植物志@y中国
690    @aS717.2@v3
701  0 @a郑万钧@Azheng wan jun@4主编
712 02 @a中国树木志编辑委员会@Azhong guo shu mu zhi bian ji wei yuan hui@4编
801  0 @aCN@bTSSF@c20061123
905    @a10447@dS717.2@e14:2
    
    中国树木志.第二卷/郑万钧主编/中国树木志编辑委员会编.-北京:中国林业出版社,1985.12(1998.07)
    931-2398,103页:图;26cm
    
    
    ISBN (精装):CNY108.00
    
●
相关链接 在E读中查询图书 在五车中查询图书 在当当中查询图书 在豆瓣中查询图书


正题名:中国树木志     索取号:S717.2/14:2         预约/预借

序号 登录号 条形码 馆藏地/架位号 状态 备注
1 0280274   002802747   第二样本阅览室/ [索取号:S717.2/14:2] 在馆    
唐山师范学院图书馆 欢迎您!
大连网信软件有限公司© 版权所有